[Event "Calvia Open Aficionados 2015"]
[Site "Calvia ESP"]
[Date "2015.10.14"]
[Round "5.10"]
[White "Slovak, Pavel"]
[Black "Nettleton, Charlie B"]
[Result "1/2-1/2"]
[WhiteElo "2089"]
[BlackElo "1892"]
[PlyCount "49"]
[EventDate "2015.10.10"]
[EventType "swiss"]
[EventRounds "9"]
[EventCountry "ESP"]
[Source "lmi"]
[SourceDate "2015.10.10"]

1. e4 e6 2. d4 d5 3. Nd2 dxe4 4. Nxe4 Bd7 5. Nf3 Bc6 6. Bd3 Nd7 7. O-O Ngf6 8.
Re1 Bxe4 9. Bxe4 Nxe4 10. Rxe4 Nf6 11. Re1 Be7 12. c3 c6 13. Bg5 O-O 14. Ne5
Nd7 15. Bxe7 Qxe7 16. Qb3 Nxe5 17. Rxe5 Rfd8 18. Rae1 Qc7 19. Qc4 Qb6 20. b4
Rd5 21. a4 Rad8 22. Qe2 h6 23. a5 Qb5 24. Rxd5 Qxd5 25. Qe5 1/2-1/2

[Event "Calvia Open Aficionados 2015"]
[Site "Calvia ESP"]
[Date "2015.10.14"]
[Round "5.14"]
[White "Ballesteros Gonzalez, David"]
[Black "Juan Mas, Santiago"]
[Result "1-0"]
[WhiteElo "2157"]
[BlackElo "1963"]
[PlyCount "79"]
[EventDate "2015.10.10"]
[EventType "swiss"]
[EventRounds "9"]
[EventCountry "ESP"]
[Source "lmi"]
[SourceDate "2015.10.10"]

1. d4 d5 2. c4 Nc6 3. e3 e5 4. dxe5 d4 5. exd4 Qxd4 6. Qxd4 Nxd4 7. Bd3 Be6 8.
Be3 O-O-O 9. Nd2 Nc6 10. Be2 Nb4 11. Kd1 Ne7 12. a3 Nd3 13. Bxd3 Rxd3 14. Ke2
Rd7 15. Ngf3 Nf5 16. Rac1 Nxe3 17. Kxe3 Bc5+ 18. Ke2 Rhd8 19. Rhd1 Bg4 20. b4
Bd4 21. h3 Bf5 22. Nxd4 Rxd4 23. c5 R8d5 24. Nf3 Bd3+ 25. Kd2 Re4 26. Kc3 Rc4+
27. Kb2 Re4 28. Rd2 Re2 29. Re1 Rxd2+ 30. Nxd2 Bg6 31. Nf3 Kd7 32. Re2 c6 33.
Nd2 Bd3 34. Re3 Ke6 35. f4 Kf5 36. g3 a5 37. Kc3 axb4+ 38. axb4 Bb5 39. Nf3 g6
40. Nd4+ 1-0

[Event "Calvia Open Aficionados 2015"]
[Site "Calvia ESP"]
[Date "2015.10.14"]
[Round "5.16"]
[White "Lacrosse, Marc"]
[Black "Friedrich, Gerhard"]
[Result "1-0"]
[WhiteElo "2141"]
[BlackElo "1940"]
[PlyCount "39"]
[EventDate "2015.10.10"]
[EventType "swiss"]
[EventRounds "9"]
[EventCountry "ESP"]
[Source "lmi"]
[SourceDate "2015.10.10"]

1. d4 d5 2. c4 e6 3. Nc3 Nf6 4. Bg5 Be7 5. e3 a6 6. Nf3 O-O 7. Qc2 dxc4 8. Bxc4
b5 9. Bd3 h6 10. Bxf6 Bxf6 11. Rc1 Bb7 12. Ne4 c6 13. Nc5 Ra7 14. O-O Ba8 15.
Rfd1 Nd7 16. e4 Be7 17. e5 Nb6 18. Qe2 Nd5 19. Qe4 g6 20. Nxe6 1-0

[Event "Calvia Open Aficionados 2015"]
[Site "Calvia ESP"]
[Date "2015.10.14"]
[Round "5.17"]
[White "Ponce Cano, Adrian"]
[Black "Haddad Filho, Paulo Ibrahim"]
[Result "1-0"]
[WhiteElo "2135"]
[BlackElo "1910"]
[PlyCount "73"]
[EventDate "2015.10.10"]
[EventType "swiss"]
[EventRounds "9"]
[EventCountry "ESP"]
[Source "lmi"]
[SourceDate "2015.10.10"]

1. e4 e5 2. Nf3 Nc6 3. Bc4 Bc5 4. c3 d6 5. d4 exd4 6. cxd4 Bb4+ 7. Bd2 Bxd2+ 8.
Nbxd2 Nf6 9. e5 dxe5 10. dxe5 Ng4 11. O-O O-O 12. Re1 Nd4 13. Nb3 Nxf3+ 14.
Qxf3 Qg5 15. Qg3 Qg6 16. Bd3 Bf5 17. Bxf5 Qxf5 18. Nd4 Qg6 19. Rac1 c6 20. h3
Nh6 21. Qb3 Rad8 22. Nf3 Rd3 23. Nh4 Rxb3 24. Nxg6 Rxb2 25. Nxf8 Kxf8 26. Rb1
Rxb1 27. Rxb1 b6 28. g4 Ke7 29. Rd1 f6 30. exf6+ gxf6 31. f4 f5 32. Re1+ Kd6
33. g5 Nf7 34. h4 c5 35. h5 c4 36. Kf2 b5 37. Re8 1-0

[Event "Calvia Open Aficionados 2015"]
[Site "Calvia ESP"]
[Date "2015.10.14"]
[Round "5.21"]
[White "Grichkevitch, Gilles"]
[Black "Lim, Mark"]
[Result "1-0"]
[WhiteElo "2047"]
[BlackElo "1870"]
[PlyCount "55"]
[EventDate "2015.10.10"]
[EventType "swiss"]
[EventRounds "9"]
[EventCountry "ESP"]
[Source "lmi"]
[SourceDate "2015.10.10"]

1. e4 e6 2. d4 d5 3. Nc3 Bb4 4. Qg4 Nf6 5. Qxg7 Rg8 6. Qh6 c5 7. a3 Bxc3+ 8.
bxc3 dxe4 9. Ne2 Rg6 10. Qe3 Qd5 11. Nf4 Qf5 12. Nxg6 Nd5 13. Qg5 hxg6 14. Qxf5
exf5 15. c4 Nf6 16. d5 Nbd7 17. a4 a5 18. Be2 b6 19. h4 Ba6 20. Rb1 Ke7 21. Bf4
Ne8 22. h5 Nd6 23. hxg6 Nxc4 24. Rh7 Nce5 25. Bxa6 Rxa6 26. g7 Nf6 27. Bxe5 Ra8
28. Bxf6+ 1-0

[Event "Calvia Open Aficionados 2015"]
[Site "Calvia ESP"]
[Date "2015.10.14"]
[Round "5.23"]
[White "Abrines Sampol, Lorenzo"]
[Black "Planas Gene, Juan"]
[Result "0-1"]
[WhiteElo "1707"]
[BlackElo "2012"]
[PlyCount "65"]
[EventDate "2015.10.10"]
[EventType "swiss"]
[EventRounds "9"]
[EventCountry "ESP"]
[Source "lmi"]
[SourceDate "2015.10.10"]

1. e4 e5 2. c4 Nc6 3. Nf3 Nf6 4. Nc3 Bc5 5. h3 d6 6. a3 a5 7. d3 h6 8. Be2 Be6
9. O-O Qd7 10. Nd5 Ne7 11. Bd2 c6 12. Ne3 Ng6 13. b4 Bb6 14. Rc1 axb4 15. axb4
O-O 16. Qc2 Nf4 17. Bd1 Ra3 18. Ne1 Rfa8 19. Qb1 Ra2 20. Bc3 Bd4 21. Bf3 Bxh3
22. Rc2 R2a3 23. Bxd4 exd4 24. gxh3 Nxh3+ 25. Kh2 dxe3 26. fxe3 Ng5 27. Qd1 Ra1
28. Qe2 Qh3+ 29. Kg1 Rxe1 30. Rxe1 Nxf3+ 31. Qxf3 Qxf3 32. Rf2 Qg3+ 33. Kf1 0-1

[Event "Calvia Open Aficionados 2015"]
[Site "Calvia ESP"]
[Date "2015.10.14"]
[Round "5.28"]
[White "Jouanneaud, Jean Daniel"]
[Black "Gaya Torrens, Miguel"]
[Result "1-0"]
[WhiteElo "1942"]
[BlackElo "1752"]
[PlyCount "55"]
[EventDate "2015.10.10"]
[EventType "swiss"]
[EventRounds "9"]
[EventCountry "ESP"]
[Source "lmi"]
[SourceDate "2015.10.10"]

1. e4 c5 2. Nc3 Nc6 3. f4 g6 4. Nf3 Bg7 5. Bc4 e6 6. d3 d6 7. O-O Nge7 8. Qe1
O-O 9. Kh1 a6 10. a3 Qc7 11. Qh4 h6 12. g4 Kh7 13. Bd2 Nd4 14. Nxd4 cxd4 15.
Ne2 b5 16. Bb3 Nc6 17. f5 exf5 18. gxf5 f6 19. fxg6+ Kxg6 20. Nf4+ Kh7 21. Qh5
Ne5 22. Rg1 Ra7 23. Ng6 Rd8 24. Nxe5 fxe5 25. Qg6+ Kh8 26. Bxh6 Bxh6 27. Qxh6+
Qh7 28. Qf6+ 1-0

[Event "Calvia Open Aficionados 2015"]
[Site "Calvia ESP"]
[Date "2015.10.14"]
[Round "5.36"]
[White "Ramis Sebastia, Jordi Salvador"]
[Black "Svensson, Leif 1940"]
[Result "0-1"]
[WhiteElo "1596"]
[BlackElo "2118"]
[PlyCount "52"]
[EventDate "2015.10.10"]
[EventType "swiss"]
[EventRounds "9"]
[EventCountry "ESP"]
[Source "lmi"]
[SourceDate "2015.10.10"]

1. d4 d5 2. c4 e5 3. dxe5 d4 4. Nf3 Nc6 5. a3 Be6 6. Nbd2 Nge7 7. g3 a5 8. Bg2
Nf5 9. Qa4 Be7 10. O-O O-O 11. Nb3 Bd7 12. Qb5 Nb4 13. Qxb7 Bc6 14. Qxa8 Qxa8
15. axb4 Bxb4 16. Nxa5 Be4 17. Nb3 Qb7 18. Nbd2 Bxd2 19. Bxd2 Qxb2 20. Bf4 h6
21. Rfc1 g5 22. g4 Ne7 23. Bg3 Ra8 24. Rxa8+ Bxa8 25. Re1 Qc3 26. h4 Bxf3 0-1

[Event "Calvia Open Aficionados 2015"]
[Site "Calvia ESP"]
[Date "2015.10.14"]
[Round "5.45"]
[White "Moya Gual De Torrella, Loren"]
[Black "Driessen Llado, Pedro"]
[Result "0-1"]
[WhiteElo "1340"]
[BlackElo "1644"]
[PlyCount "60"]
[EventDate "2015.10.10"]
[EventType "swiss"]
[EventRounds "9"]
[EventCountry "ESP"]
[Source "lmi"]
[SourceDate "2015.10.10"]

1. e4 c5 2. Nf3 d6 3. d4 cxd4 4. Nxd4 Nf6 5. Nc3 a6 6. Bg5 e5 7. Nde2 Be7 8. f4
h6 9. fxe5 hxg5 10. exf6 Bxf6 11. Qd3 Nc6 12. O-O-O Be5 13. a3 Be6 14. Ng1 b5
15. Nf3 Bc4 16. Qd2 Bf4 17. Bxc4 bxc4 18. Rhe1 Bxd2+ 19. Rxd2 g4 20. Nd4 Nxd4
21. Rxd4 Qg5+ 22. Kb1 Rd8 23. e5 dxe5 24. Rxd8+ Kxd8 25. Ne4 Qe7 26. Rd1+ Kc7
27. Rd6 Qxd6 28. Nxd6 Kxd6 29. h3 gxh3 30. gxh3 Rxh3 0-1

[Event "Calvia Open Aficionados 2015"]
[Site "Calvia ESP"]
[Date "2015.10.14"]
[Round "5.48"]
[White "Rossello Sanchez, Bartolome"]
[Black "Del Canto Riudavets, Jose Manu"]
[Result "1-0"]
[WhiteElo "1503"]
[BlackElo "1140"]
[PlyCount "61"]
[EventDate "2015.10.10"]
[EventType "swiss"]
[EventRounds "9"]
[EventCountry "ESP"]
[Source "lmi"]
[SourceDate "2015.10.10"]

1. b3 b6 2. Bb2 e6 3. e3 Bb7 4. d3 d6 5. Nd2 Ne7 6. Qg4 Rg8 7. Ngf3 h6 8. g3
Nbc6 9. a3 Qd7 10. Bg2 O-O-O 11. Qa4 a6 12. b4 b5 13. Qb3 d5 14. a4 Ng6 15. c3
Qe8 16. axb5 axb5 17. O-O Nce5 18. Qc2 Be7 19. Ra7 h5 20. Rfa1 Bc6 21. Bc1 h4
22. d4 Ng4 23. h3 Nh6 24. e4 hxg3 25. fxg3 Rh8 26. Nh2 e5 27. Qa2 Kd7 28. exd5
Ba8 29. Qa6 Qf8 30. Qxb5+ Kd6 31. Ne4# 1-0

[Event "Calvia Open Aficionados 2015"]
[Site "Calvia ESP"]
[Date "2015.10.15"]
[Round "6.1"]
[White "Ustianovich, Nazar"]
[Black "Gromovs, Sergejs"]
[Result "1/2-1/2"]
[WhiteElo "2268"]
[BlackElo "2196"]
[PlyCount "39"]
[EventDate "2015.10.10"]
[EventType "swiss"]
[EventRounds "9"]
[EventCountry "ESP"]
[Source "lmi"]
[SourceDate "2015.10.10"]

1. Nf3 Nf6 2. c4 e6 3. g3 d5 4. d4 c5 5. cxd5 exd5 6. Bg2 Nc6 7. O-O Be7 8.
dxc5 Bxc5 9. Bg5 Be6 10. Nc3 O-O 11. Bxf6 Qxf6 12. Nxd5 Qxb2 13. Nc7 Rad8 14.
Qc1 Qxc1 15. Raxc1 Bb6 16. Nxe6 fxe6 17. Rc4 h6 18. Re4 Rf6 19. Bh3 Kf7 20. Rc1
1/2-1/2

[Event "Calvia Open Aficionados 2015"]
[Site "Calvia ESP"]
[Date "2015.10.15"]
[Round "6.2"]
[White "Olhovik, Andrei"]
[Black "Blanco Gutierrez, Pedro"]
[Result "1-0"]
[WhiteElo "2285"]
[BlackElo "2099"]
[PlyCount "109"]
[EventDate "2015.10.10"]
[EventType "swiss"]
[EventRounds "9"]
[EventCountry "ESP"]
[Source "lmi"]
[SourceDate "2015.10.10"]

1. c4 c5 2. Nf3 g6 3. d4 cxd4 4. Nxd4 Bg7 5. e4 Nc6 6. Be3 Nf6 7. Nc3 O-O 8.
Be2 b6 9. O-O Bb7 10. f3 Qb8 11. Qd2 Rd8 12. Rfd1 d6 13. Rac1 Rd7 14. Nd5 e6
15. Nxf6+ Bxf6 16. Nb5 Qf8 17. f4 Rad8 18. Bf3 Qe7 19. Qf2 Ba8 20. Rd2 Bg7 21.
Rcd1 f5 22. exf5 gxf5 23. a3 Kh8 24. b4 Bf6 25. Rd3 e5 26. Bd5 Rc8 27. Bxc6
Bxc6 28. Nxd6 Rcd8 29. c5 bxc5 30. bxc5 e4 31. R3d2 Qe6 32. Bd4 Kg8 33. Bxf6
Qxf6 34. Qd4 Qe6 35. Re1 Re7 36. Re3 Rg7 37. Rb2 h6 38. Kf2 Kh7 39. g3 Qg6 40.
Qd1 Qe6 41. Qd4 Re7 42. Kg2 h5 43. h4 Qg6 44. Kh2 Qe6 45. Qd1 Kg6 46. Qe2 Qd5
47. Nc4 Kh6 48. Rd2 Qg8 49. Ne5 Rc7 50. Rd6+ Rxd6 51. cxd6 Rc8 52. d7 Bxd7 53.
Nxd7 Qe8 54. Qa6+ Kg7 55. Qf6+ 1-0

[Event "Calvia Open Aficionados 2015"]
[Site "Calvia ESP"]
[Date "2015.10.15"]
[Round "6.3"]
[White "Hoenick, Andreas"]
[Black "Cip, Dalibor"]
[Result "0-1"]
[WhiteElo "2097"]
[BlackElo "2146"]
[PlyCount "76"]
[EventDate "2015.10.10"]
[EventType "swiss"]
[EventRounds "9"]
[EventCountry "ESP"]
[Source "lmi"]
[SourceDate "2015.10.10"]

1. d4 Nf6 2. c4 g6 3. Nc3 Bg7 4. e4 d6 5. Be2 O-O 6. Be3 e5 7. d5 Nbd7 8. g4
Nc5 9. Bf3 a6 10. g5 Ne8 11. h4 f5 12. gxf6 Bxf6 13. h5 Bg5 14. hxg6 hxg6 15.
Qd2 Bxe3 16. fxe3 Ng7 17. O-O-O b5 18. Qg2 Qe8 19. Rh6 Rf6 20. Nh3 Bxh3 21.
Qxh3 Kf7 22. b4 Nd7 23. Bg4 Nf8 24. c5 a5 25. a3 axb4 26. axb4 Ra1+ 27. Nb1 Qa8
28. Be6+ Ngxe6 29. dxe6+ Ke7 30. cxd6+ cxd6 31. Qh2 Qxe4 32. Kb2 Ra4 33. Nc3
Qxb4+ 34. Kc2 Qc4 35. Rh7+ Nxh7 36. Qxh7+ Kxe6 37. Qg8+ Ke7 38. Qg7+ Rf7 0-1

[Event "Calvia Open Aficionados 2015"]
[Site "Calvia ESP"]
[Date "2015.10.15"]
[Round "6.4"]
[White "Smirnov, Aleksander"]
[Black "Sahelices Casado, Roberto"]
[Result "0-1"]
[WhiteElo "2145"]
[BlackElo "2039"]
[PlyCount "111"]
[EventDate "2015.10.10"]
[EventType "swiss"]
[EventRounds "9"]
[EventCountry "ESP"]
[Source "lmi"]
[SourceDate "2015.10.10"]

1. e4 c6 2. Nc3 d5 3. Nf3 Bg4 4. h3 Bxf3 5. Qxf3 e6 6. g3 Nf6 7. d3 Bb4 8. Bd2
d4 9. Nb1 Qb6 10. b3 Qc5 11. Bg2 Bxd2+ 12. Kxd2 Nbd7 13. Qd1 h5 14. Ke2 h4 15.
g4 g5 16. Qc1 Nf8 17. f4 Ng6 18. fxg5 Nh7 19. Nd2 Qe5 20. Nf3 Qg3 21. Qg1 Nf4+
22. Kf1 O-O-O 23. Qf2 Nxg2 24. Qxg2 Qf4 25. Qf2 Nxg5 26. Nxg5 Qxg5 27. Kg2 f5
28. exf5 exf5 29. Qxf5+ Qxf5 30. gxf5 Rhg8+ 31. Kh2 Rdf8 32. Rhf1 Rg5 33. Rae1
Rfxf5 34. Rxf5 Rxf5 35. Re4 Rf2+ 36. Kg1 Rxc2 37. Rxh4 c5 38. b4 Rc3 39. bxc5
Rxd3 40. Kf1 Kc7 41. Ke2 Re3+ 42. Kd2 Ra3 43. Rh8 Kc6 44. Rc8+ Kd5 45. Rc7
Rxa2+ 46. Kc1 a5 47. Rxb7 Kxc5 48. Ra7 Kb4 49. Rb7+ Kc3 50. Rc7+ Kd3 51. Ra7
Rc2+ 52. Kb1 Rc5 53. Rg7 Ke2 54. h4 d3 55. Rh7 d2 56. Rd7 0-1

[Event "Calvia Open Aficionados 2015"]
[Site "Calvia ESP"]
[Date "2015.10.15"]
[Round "6.5"]
[White "Guski, Dietmar"]
[Black "Fruebing, Thomas"]
[Result "1/2-1/2"]
[WhiteElo "2046"]
[BlackElo "2114"]
[PlyCount "60"]
[EventDate "2015.10.10"]
[EventType "swiss"]
[EventRounds "9"]
[EventCountry "ESP"]
[Source "lmi"]
[SourceDate "2015.10.10"]

1. e4 e6 2. d4 d5 3. Nc3 Bb4 4. Nge2 dxe4 5. a3 Bxc3+ 6. Nxc3 Nc6 7. Bb5 Nge7
8. Bg5 f6 9. Be3 O-O 10. Qd2 f5 11. O-O-O Nd5 12. Nxd5 exd5 13. Bxc6 bxc6 14.
Bf4 a5 15. h4 h5 16. Rh3 Kh7 17. Rg3 Be6 18. Be5 g6 19. Qf4 Ra7 20. Rc3 Bd7 21.
Rh1 Re8 22. Rhh3 Re6 23. Rhg3 Be8 24. Rg5 Qe7 25. Rcg3 Rxe5 26. dxe5 c5 27.
Rxh5+ gxh5 28. Qxf5+ Kh8 29. e6 Ra6 30. Qe5+ Kh7 1/2-1/2

[Event "Calvia Open Aficionados 2015"]
[Site "Calvia ESP"]
[Date "2015.10.15"]
[Round "6.6"]
[White "Slovak, Pavel"]
[Black "Kultiyasov, Mikhail"]
[Result "0-1"]
[WhiteElo "2089"]
[BlackElo "2280"]
[PlyCount "54"]
[EventDate "2015.10.10"]
[EventType "swiss"]
[EventRounds "9"]
[EventCountry "ESP"]
[Source "lmi"]
[SourceDate "2015.10.10"]

1. e4 c5 2. Nf3 Nc6 3. d4 cxd4 4. Nxd4 g6 5. Nc3 Bg7 6. Be3 Nf6 7. f3 O-O 8.
Bc4 Qb6 9. Bb3 Nxe4 10. Nd5 Qa5+ 11. c3 Nc5 12. Nxc6 dxc6 13. Nxe7+ Kh8 14.
Nxc8 Raxc8 15. O-O Rcd8 16. Qc2 Rfe8 17. Bf2 Kg8 18. Bc4 Qa4 19. b3 Qa5 20. b4
Qa4 21. Bb3 Nxb3 22. axb3 Qb5 23. Rxa7 Re2 24. Qc1 Rdd2 25. Ra8+ Bf8 26. c4
Qxb4 27. Qa1 Qc5 0-1

[Event "Calvia Open Aficionados 2015"]
[Site "Calvia ESP"]
[Date "2015.10.15"]
[Round "6.8"]
[White "Nettleton, Charlie B"]
[Black "Ballesteros Gonzalez, David"]
[Result "0-1"]
[WhiteElo "1892"]
[BlackElo "2157"]
[PlyCount "66"]
[EventDate "2015.10.10"]
[EventType "swiss"]
[EventRounds "9"]
[EventCountry "ESP"]
[Source "lmi"]
[SourceDate "2015.10.10"]

1. d4 Nf6 2. Bg5 c5 3. d5 Ne4 4. Bf4 Qa5+ 5. c3 d6 6. Nd2 Nxd2 7. Bxd2 b5 8. c4
b4 9. a4 g6 10. b3 Bg7 11. Ra2 Nd7 12. e4 Nf6 13. Bd3 O-O 14. Ne2 e6 15. O-O
Qc7 16. Ng3 exd5 17. exd5 Re8 18. Re1 Ba6 19. Rxe8+ Rxe8 20. Be3 Bc8 21. Bc1
Ng4 22. Re2 Rxe2 23. Qxe2 Bd4 24. Nh1 Ne5 25. Kf1 Qe7 26. Bf4 Qh4 27. Bxe5 Bxe5
28. h3 Bxh3 29. Qe4 Bg4 30. g3 Qh5 31. Kg2 Bh3+ 32. Kg1 Qd1+ 33. Kh2 Bf5 0-1

[Event "Calvia Open Aficionados 2015"]
[Site "Calvia ESP"]
[Date "2015.10.15"]
[Round "6.9"]
[White "Lacrosse, Marc"]
[Black "Obers, Frits"]
[Result "1/2-1/2"]
[WhiteElo "2141"]
[BlackElo "2080"]
[PlyCount "98"]
[EventDate "2015.10.10"]
[EventType "swiss"]
[EventRounds "9"]
[EventCountry "ESP"]
[Source "lmi"]
[SourceDate "2015.10.10"]

1. d4 Nf6 2. c4 c5 3. d5 e6 4. Nc3 exd5 5. cxd5 d6 6. e4 g6 7. Bd3 Bg7 8. h3
O-O 9. Nf3 b5 10. Nxb5 Re8 11. Nd2 Nxd5 12. Nc4 Re6 13. O-O Nb4 14. Be2 Ba6 15.
a4 N8c6 16. Re1 Bxb5 17. axb5 Nd4 18. Bd3 d5 19. Na3 Nxd3 20. Qxd3 c4 21. Qf1
Qe7 22. Be3 Rxe4 23. Rad1 Re8 24. Rd2 c3 25. bxc3 Nb3 26. Ra2 Bxc3 27. Rb1 Nc5
28. Bxc5 Qxc5 29. Nc2 Re2 30. Rc1 d4 31. Ra6 Qf5 32. Ne3 Qxb5 33. Rxa7 Rb2 34.
Qxb5 Rxb5 35. Nc4 Rd5 36. Kf1 Kg7 37. g3 Re6 38. Ra2 Bb4 39. Rb1 Be7 40. Rd1
Bf6 41. Nb2 Rc5 42. Nd3 Rc3 43. Nf4 Rd6 44. Rad2 Rc4 45. Nd3 Rdc6 46. Ke2 Rc2
47. Kf3 R2c3 48. h4 h5 49. Kf4 Re6 1/2-1/2

[Event "Calvia Open Aficionados 2015"]
[Site "Calvia ESP"]
[Date "2015.10.15"]
[Round "6.13"]
[White "Tscharotschkin, Michael"]
[Black "Post, Maarten"]
[Result "1-0"]
[WhiteElo "2181"]
[BlackElo "1876"]
[PlyCount "43"]
[EventDate "2015.10.10"]
[EventType "swiss"]
[EventRounds "9"]
[EventCountry "ESP"]
[Source "lmi"]
[SourceDate "2015.10.10"]

1. e4 c5 2. Nf3 e6 3. c3 d6 4. d4 cxd4 5. cxd4 Nf6 6. Nc3 Be7 7. Bd3 O-O 8. h4
Nc6 9. a3 a6 10. e5 dxe5 11. dxe5 Ng4 12. Bxh7+ Kh8 13. Bd3 Qb6 14. O-O g6 15.
Qe2 Nd4 16. Qe4 Nxf3+ 17. gxf3 f5 18. Qe2 Bxh4 19. fxg4 fxg4 20. Be3 Qc7 21.
Qxg4 Qf7 22. Kg2 1-0

[Event "Calvia Open Aficionados 2015"]
[Site "Calvia ESP"]
[Date "2015.10.15"]
[Round "6.15"]
[White "Dijon, Frederic"]
[Black "Neagos, Raul-Alexandru"]
[Result "1/2-1/2"]
[WhiteElo "1965"]
[BlackElo "2048"]
[PlyCount "44"]
[EventDate "2015.10.10"]
[EventType "swiss"]
[EventRounds "9"]
[EventCountry "ESP"]
[Source "lmi"]
[SourceDate "2015.10.10"]

1. d4 d5 2. Nf3 Nf6 3. Bg5 e6 4. e3 c5 5. c3 Nc6 6. Nbd2 h6 7. Bh4 Be7 8. Bd3
O-O 9. O-O Qc7 10. Rc1 e5 11. dxe5 Nxe5 12. Rb1 Bg4 13. Qc2 Nxf3+ 14. Nxf3 Bxf3
15. gxf3 g6 16. Kh1 Nh5 17. Bg3 Nxg3+ 18. hxg3 h5 19. Kg2 Kg7 20. Qe2 Rh8 21.
Rh1 a6 22. f4 f5 1/2-1/2

[Event "Calvia Open Aficionados 2015"]
[Site "Calvia ESP"]
[Date "2015.10.15"]
[Round "6.16"]
[White "Prill, Gerhard"]
[Black "Jouanneaud, Jean Daniel"]
[Result "1-0"]
[WhiteElo "2035"]
[BlackElo "1942"]
[PlyCount "43"]
[EventDate "2015.10.10"]
[EventType "swiss"]
[EventRounds "9"]
[EventCountry "ESP"]
[Source "lmi"]
[SourceDate "2015.10.10"]

1. e4 c5 2. Nf3 Nc6 3. c4 g6 4. d4 cxd4 5. Nxd4 Bg7 6. Be3 Nf6 7. Nc3 d6 8. Be2
O-O 9. Qd2 Ng4 10. Bxg4 Bxg4 11. O-O Rc8 12. Rac1 Qa5 13. b3 a6 14. h3 Bd7 15.
Rfd1 Rfd8 16. Nde2 b5 17. cxb5 axb5 18. Nd5 Qxd2 19. Rxd2 e6 20. Nb6 Rc7 21.
Nxd7 Rdxd7 22. Rdc2 1-0

[Event "Calvia Open Aficionados 2015"]
[Site "Calvia ESP"]
[Date "2015.10.15"]
[Round "6.21"]
[White "Spence, David J"]
[Black "Mitenieks, Matiss"]
[Result "0-1"]
[WhiteElo "2224"]
[BlackElo "1844"]
[PlyCount "30"]
[EventDate "2015.10.10"]
[EventType "swiss"]
[EventRounds "9"]
[EventCountry "ESP"]
[Source "lmi"]
[SourceDate "2015.10.10"]

1. e4 c5 2. d4 cxd4 3. c3 dxc3 4. Nf3 cxb2 5. Bxb2 e6 6. Bd3 b6 7. Nc3 Ba6 8.
Nb5 Bxb5 9. Bxb5 Nf6 10. O-O Bc5 11. Rc1 O-O 12. e5 Nd5 13. Rc4 a6 14. Ba4
Bxf2+ 15. Rxf2 Ne3 0-1

[Event "Calvia Open Aficionados 2015"]
[Site "Calvia ESP"]
[Date "2015.10.15"]
[Round "6.22"]
[White "Svensson, Leif 1940"]
[Black "Moreno Mateos, Jose Luis"]
[Result "1-0"]
[WhiteElo "2118"]
[BlackElo "1855"]
[PlyCount "57"]
[EventDate "2015.10.10"]
[EventType "swiss"]
[EventRounds "9"]
[EventCountry "ESP"]
[Source "lmi"]
[SourceDate "2015.10.10"]

1. d4 d5 2. Nc3 Nf6 3. Bg5 Bf5 4. e3 e6 5. Bd3 Bxd3 6. cxd3 c6 7. Nf3 Nbd7 8.
O-O Be7 9. Qc2 h6 10. Bxf6 Nxf6 11. a3 O-O 12. b4 Qc7 13. Rfc1 a5 14. b5 Qb6
15. bxc6 Qxc6 16. Ne5 Qa6 17. a4 Rac8 18. Qb2 Rfd8 19. Nb5 Bb4 20. h3 Ne8 21.
Rxc8 Rxc8 22. Rc1 Rxc1+ 23. Qxc1 f6 24. Qc8 fxe5 25. Qxe8+ Kh7 26. dxe5 Bc5 27.
d4 Bb4 28. Nc7 Qe2 29. Qf7 1-0

[Event "Calvia Open Aficionados 2015"]
[Site "Calvia ESP"]
[Date "2015.10.15"]
[Round "6.25"]
[White "Friedrich, Gerhard"]
[Black "Breed, Greg J"]
[Result "1/2-1/2"]
[WhiteElo "1940"]
[BlackElo "1755"]
[PlyCount "44"]
[EventDate "2015.10.10"]
[EventType "swiss"]
[EventRounds "9"]
[EventCountry "ESP"]
[Source "lmi"]
[SourceDate "2015.10.10"]

1. d4 d5 2. Nf3 Nf6 3. e3 Bg4 4. c4 e6 5. Nc3 c6 6. Be2 Nbd7 7. O-O Be7 8. b3
O-O 9. h3 Bh5 10. Bb2 Re8 11. cxd5 exd5 12. Ne5 Bxe2 13. Qxe2 Bd6 14. f4 a6 15.
Qf3 Ne4 16. Nxe4 dxe4 17. Qh5 Qe7 18. Rfd1 Nf6 19. Qe2 Ba3 20. Bxa3 Qxa3 21.
Nc4 Qe7 22. Rac1 Nd5 1/2-1/2

[Event "Calvia Open Aficionados 2015"]
[Site "Calvia ESP"]
[Date "2015.10.15"]
[Round "6.27"]
[White "Boix Pons, Catalina"]
[Black "Hill, Luke"]
[Result "1-0"]
[WhiteElo "1813"]
[BlackElo "1921"]
[PlyCount "35"]
[EventDate "2015.10.10"]
[EventType "swiss"]
[EventRounds "9"]
[EventCountry "ESP"]
[Source "lmi"]
[SourceDate "2015.10.10"]

1. d4 f5 2. e3 e6 3. c4 Nf6 4. Nc3 Bb4 5. Bd3 b6 6. Nge2 Bb7 7. O-O O-O 8. a3
Bxc3 9. Nxc3 d6 10. b4 Nbd7 11. Bb2 Qe8 12. Qc2 Qh5 13. f3 g5 14. d5 exd5 15.
Nxd5 Bxd5 16. cxd5 Ne8 17. Bxf5 Qf7 18. Be6 1-0

[Event "Calvia Open Aficionados 2015"]
[Site "Calvia ESP"]
[Date "2015.10.15"]
[Round "6.34"]
[White "Steinschuld, Jo"]
[Black "Wilson, Matthew R"]
[Result "0-1"]
[WhiteElo "1591"]
[BlackElo "1865"]
[PlyCount "54"]
[EventDate "2015.10.10"]
[EventType "swiss"]
[EventRounds "9"]
[EventCountry "ESP"]
[Source "lmi"]
[SourceDate "2015.10.10"]

1. e4 c5 2. Nc3 Nc6 3. f4 g6 4. Bb5 Nd4 5. Bc4 Bg7 6. Nge2 a6 7. Nxd4 cxd4 8.
Ne2 d6 9. d3 b5 10. Bb3 e6 11. O-O Ne7 12. Ng3 O-O 13. Qf3 Ra7 14. Bd2 Bd7 15.
Rae1 a5 16. a3 Qb6 17. e5 d5 18. Nh1 Rc7 19. Rc1 Rfc8 20. Qd1 Nf5 21. Re1 Bh6
22. g3 Ne3 23. Bxe3 dxe3 24. Re2 d4 25. Qf1 Bc6 26. g4 Qb7 27. Ng3 Bf3 0-1

[Event "Calvia Open Aficionados 2015"]
[Site "Calvia ESP"]
[Date "2015.10.15"]
[Round "6.43"]
[White "Romero Gamez, Francisco Javier"]
[Black "Ferrer Mygina, Juan"]
[Result "1/2-1/2"]
[WhiteElo "1708"]
[BlackElo "1576"]
[PlyCount "55"]
[EventDate "2015.10.10"]
[EventType "swiss"]
[EventRounds "9"]
[EventCountry "ESP"]
[Source "lmi"]
[SourceDate "2015.10.10"]

1. e4 c5 2. Nf3 e6 3. Nc3 Nc6 4. Bb5 Nge7 5. O-O a6 6. Bxc6 Nxc6 7. d3 d6 8.
Bg5 Be7 9. Bxe7 Qxe7 10. Ne2 O-O 11. Ng3 b6 12. Nd2 Bb7 13. f4 f5 14. c3 d5 15.
exf5 exf5 16. Nf3 Qd6 17. Qd2 d4 18. c4 g6 19. Rae1 Rae8 20. a3 Nb8 21. Ne5 Nd7
22. Nxd7 Qxd7 23. Rxe8 Rxe8 24. Re1 Kf7 25. Rxe8 Qxe8 26. Kf2 Qc6 27. Kf1 Qe6
28. Kf2 1/2-1/2